header

Towards a reorganisation system for sovereign debt (Record no. 22807)

MARC details
000 -LEADER
fixed length control field 02090nam a2200385 a 4500
082 04 - DEWEY DECIMAL CLASSIFICATION NUMBER
Classification number 343/.037
100 1# - MAIN ENTRY--AUTHOR NAME
Personal name Schier, Holger.
245 10 - TITLE STATEMENT
Title Towards a reorganisation system for sovereign debt
260 ## - PUBLICATION, DISTRIBUTION, ETC. (IMPRINT)
Place of publication Leiden ;
-- Boston :
Name of publisher Martinus Nijhoff Publishers,
Year of publication 2007.
300 ## - PHYSICAL DESCRIPTION
Number of Pages xii, 312 p.
500 ## - GENERAL NOTE
General note Originally presented as the author's thesis (doctoral)--Justus-Liebig University, Giessen, Germany, November 2006.
505 0# - FORMATTED CONTENTS NOTE
Formatted contents note The early days of sovereign insolvency -- Early proposals for a legal framework for sovereign debt reorganisation -- Scope of the work -- Principal reform proposals. The contractual approach -- The proposal for a statutory sovereign debt restructuring mechananism -- The international law perspective -- The RSSD's normative basis under public international law -- An insolvency system for sovereigns derived from general principles of international law -- Enforcement measures -- Implementation.
650 #0 - SUBJECT ADDED ENTRY--TOPICAL TERM
Topical Term Debts, Public
Topical Term Debt relief.
Topical Term State bankruptcy.
856 40 - ELECTRONIC LOCATION AND ACCESS
Uniform Resource Identifier http://site.ebrary.com/lib/rucke/Doc?id=10270866

No items available.

© 2026 Rongo University
Contact us: librarian | system librarian | Rongo university